| 000 | 00516nam a2200181Ia 4500 | ||
|---|---|---|---|
| 001 | 65587 | ||
| 003 | OSt | ||
| 005 | 20150630110940.0 | ||
| 008 | 150403s9999 xx 000 0 und d | ||
| 040 | _cPK-LaUMT | ||
| 082 |
_a 891.4393 _bRAZ-S |
||
| 100 | _aRazia Butt(رضیہ بٹ) | ||
| 245 |
_aSamina (Urdu)(ثمینہ) _cRazia Butt(رضہ بٹ) |
||
| 260 |
_aLahore,Pakistan:(لاہور، پاکستان ) _bMaqbool Academy,(مقبول اکیڈمی) _c1995 |
||
| 300 | _a173 p. | ||
| 546 | _aUR | ||
| 942 |
_cBK _2ddc |
||
| 999 |
_c68899 _d68899 |
||